000 01163nam0a22002891 4500
001 rc\4695152
005 20250612154637.0
021 _aRU
_b[67-50100ж]
035 _a(NLR Aleph) 008716006
090 _a9388071
_c9388071
100 _a20130416d1967 |||y0rusy50 ca
101 0 _arus
102 _aRU
105 _aa z |||||
200 1 _aПромышленная гидроаэродинамика
_e[Сборник статей
_fОтв. ред. П.В. Журавлев]
210 _aНовочеркасск
_cБ. и.
_d1967
215 _a91 с.
_cил.
_d21
225 1 _aМВ и ССО РСФСР. Труды Новочеркасского ордена Трудового Красного Знамени политехнического института им. С. Орджоникидзе
_vТ. 171
320 _aБиблиогр. в конце статей
606 _aВентиляторы
_jСборники
_2psbo
606 _aГидродвигатели
_jСборники
_2psbo
702 1 _aЖуравлев
_bП.В.
_4340
801 0 _aRU
_bNLR
_gpsbo
801 1 _aRU
_bELAR
_2rusmarc
852 _aNLR
_jП11/214
942 _cBOOK
980 _aNB